000 009680000a22002170004500
020 _a84-301-0463-1
041 0 _aSPA
082 0 4 _aG 100 G123v
100 1 _aGadamer, Hans Georg (1900-2002)
245 1 0 _aVerdad y método : Fundamentos para una hermenéutica filosófica / Hans- Georg Gadamer ; Ana Agud Aparicio, Rafael Agapito, Traductores
260 _aSalamanca, España : Sígueme
300 _a687 Pag.
500 _aTítulo original : Wahrheit und methode
505 0 0 _aelucidación de la cuestión de la verdad desde la experiencia del arte -- la superación de la dimensión estética -- la ontología de la obra de arte y su significado hermenéutico -- preliminares históricos -- fundamentos para una teoría de la experiencia hermenéutica
650 1 4 _aHUMANIDADES - METODOLOGIA \ HERMENEUTICA
001 749
942 _cBK
999 _c32202
_d32202
336 _atexto
_btxt
_2rdacontent
337 _2rdamedia
_asin mediación
_bn
338 _2rdacarrier
_avolumen
_bnc